|
|
|
|
| LEADER |
00778nam a22001937a 4500 |
| 008 |
141223b xxu||||| |||| 00| 0 eng d |
| 020 |
|
|
|a 1891786008
|
| 082 |
|
|
|a 572
|
| 100 |
|
|
|a Ninfa, Alexander J.
|
| 245 |
|
|
|a Fundamental laboratory approaches for biochemistry and biotechnology :
|b a text with experiments /
|c Alexander J. Ninfa and David P. Ballou
|
| 260 |
|
|
|a Bethesda,
|b Fitzgerald Science Press,
|c 1998
|
| 300 |
|
|
|a 648p.:
|b figures and tables,
|c 28cm
|
| 650 |
|
|
|a Biochemistry.
|
| 650 |
|
|
|a Biotechnology.
|
| 650 |
|
|
|a Molecular biology.
|
| 700 |
|
|
|a Ballou, David P.
|
| 942 |
|
|
|2 ddc
|c BK
|
| 999 |
|
|
|c 152106
|d 152106
|
| 952 |
|
|
|0 0
|1 0
|4 0
|6 572_000000000000000_NIN_F
|7 0
|9 162575
|a BIO
|b BIO
|c ST1
|d 2018-08-23
|g 0.00
|i 648
|l 1
|m 2
|o 572 NIN / F
|p BIO648
|r 2016-08-03
|s 2016-02-25
|w 2013-12-28
|y BK
|